Selección, preparación y exposición de ganado vacuno /

Guardado en:
Autor Principal: Nordby, Julius E.
Otros Autores: Lattig, Herbert E.
Formato: Libro
Publicado: Buenos Aires : Albatros, 1979
Materias:
Etiquetas: Agregar Etiqueta
Sin Etiquetas, Sea el primero en etiquetar este registro!
LEADER 00804nam a22002175a 4500
001 CEM.cems016029
008 130507s1979##################000#0#####d
005 20210907185932.0
003 CEMS
245 1 0 |a Selección, preparación y exposición de ganado vacuno /  |c Julius E. Nordby, Herbert E. Lattig 
260 |a Buenos Aires :  |b Albatros,  |c 1979 
300 |a 154 p. 
505 0 |a Términos útiles para describir el ganado vacuno -- Seección del ganado vacuno -- Preparación del ganado vacuno -- Entrenamiento y exposición del ganado vacuno 
100 1 |a Nordby, Julius E. 
700 1 |a Lattig, Herbert E. 
082 0 4 |a 636.2 
653 |a Bovinos-exposición 
653 |a Bovinos-selección 
653 |a Bovinos 
653 |a Ganadería 
859 |a CEMS  |b BIB. CEMS - Agricultura  |h 636.2  |i N753  |p A12221.83  |t Ej.1